Faktory konkurencieschopnosti ekonomík bakalárska práca

Na minha lista:
Detalhes bibliográficos
Autor principal: Zachorecová, Kristína
Autor Corporativo: Národohospodárska fakulta EU. Katedra financií
Outros Autores: Ochotnický, Pavol
Formato: Livro
Idioma:eslovaco
Publicado em: Bratislava 2021
Tags: Adicionar Tag
Sem tags, seja o primeiro a adicionar uma tag!

MARC

LEADER 00000nbm a2200000 4500
001 0275229
005 20211210125342.4
041 0 |a slo 
044 |a SK 
245 1 0 |a Faktory konkurencieschopnosti ekonomík  |b bakalárska práca  |c Kristína Zachorecová ; školiteľ: Pavol Ochotnický 
264 1 |a Bratislava  |c 2021 
300 |a 51 s. 
100 1 |a Zachorecová, Kristína 
700 1 |a Ochotnický, Pavol 
710 2 |a Národohospodárska fakulta EU. Katedra financií